| 000 | 00882cam a22002897a 4500 | ||
|---|---|---|---|
| 003 | CHAP | ||
| 005 | 20220329141558.0 | ||
| 008 | 971013s1972 r 00010 d | ||
| 010 | _a70434 | ||
| 011 | _a71406 | ||
| 035 | _a80960 | ||
| 040 | _cCHAP | ||
| 082 |
_a150 _bC4Y |
||
| 100 | 0 | 0 |
_aChapple, Eliot D. _921939 |
| 245 | 1 | 3 | _aEl hombre cultural y el hombre biológico; antropología de la conducta |
| 260 |
_aMéxico, D. F. : _bPax-México, _c1972 |
||
| 300 | _a439 p. | ||
| 590 |
_aBATCH-UPD _b10 _c20130110 _lUCH01 _h0442 |
||
| 590 |
_aBATCH-UPD _b10 _c20130410 _lUCH01 _h0118 |
||
| 590 |
_aBATCH-UPD _b10 _c20130914 _lUCH01 _h0918 |
||
| 590 |
_aCONVERSION _b10 _c20130109 _lUCH01 _h1339 |
||
| 650 | 1 | 4 |
_aAntropologia. _96133 |
| 650 | 1 | 4 |
_aConducta (Psicología) _926343 |
| 901 | _aBK | ||
| 942 | _cLIBRO | ||
| 949 |
_a150 C4Y _bBC _cLIBRO _d33724000227989 _eLIBRO _h16764 _i80960 _si |
||
| 999 |
_c70434 _d70434 |
||